000 01045nam a22003137a 4500
001 6239
003 FISKH
005 20250404082928.0
008 250404b cb ||||| |||| 00| 0 eng d
020 _a0064403149
040 _aDLC
_cDLC
_dDLC
_beng
050 _a PZ7.E2562 L
082 _a823.91
100 1 _aEdwards, Julie
_d(1935-)
245 1 4 _aThe last of the really great whangdoodles /
_cby Julie Edwards.
250 _aThis edition first published in 2004
260 _aNew York :
_bHarperTrophy,
_c1974
300 _a209 pages :
_c20 cm
350 _a$5.11
505 _aP
520 _aWith help from an eccentric professor who gives their imaginations special intensive training, three children succeed in locating the last of the great Whangdoodles and granting his heart's desire.
521 8 _a620
_bLexile
521 8 _aP
_bRaz-Plus
650 1 _aFantasy.
_2Juvenile fiction
650 1 _aFiction
_2Imagination
906 _a7
_bcbc
_corignew
_d2
_eocip
_f19
_gy-gencatlg
942 _2ddc
_cBK
_n0
999 _c6239
_d6239